|
|
|
|
| LEADER |
00624cam a2200181 7i4500 |
| 001 |
0000003692 |
| 005 |
20160525090000.0 |
| 020 |
|
|
|a 0205359698
|
| 090 |
0 |
0 |
|a HM1221
|b .G88 2003
|
| 100 |
1 |
|
|a Guth, David
|
| 245 |
1 |
0 |
|a Public relations :
|b a values-driven approach
|c David W. Guth and Charles Marsh.
|
| 260 |
|
|
|a Boston:
|b Allyn and Bacon,
|c 2003.
|
| 300 |
|
|
|a xxi, 600 p.:
|b ill.;
|c 24 cm.
|
| 504 |
|
|
|a Includes bibliographical references and index
|
| 650 |
0 |
0 |
|a Public relations
|
| 650 |
0 |
0 |
|a Public relations --
|x Moral and ethical aspects
|
| 700 |
1 |
|
|a Marsh, Charles
|
| 999 |
|
|
|a 0000006118
|b BOK
|c OPEN SHELF
|e 1st Floor, Shah Alam
|